Pražské Klementinum

Saved in:
Bibliographic Details
Main Author: Voit, Petr (Author)
Format: Book
Language:Czech
Published: Praha : NK, 1990
Edition:1. vyd.
Subjects:
Tags: Add Tag
No Tags, Be the first to tag this record!

MARC

LEADER 00000nam a22000003a 4500
001 stu11321
005 20150617225804.3
008 950328s1990----cs------------------cze-d
040 |a STU  |b slo 
041 0 |a cze 
044 |a cs 
100 1 |a Voit, Petr  |4 aut 
245 1 |a Pražské Klementinum 
250 |a 1. vyd. 
260 |a Praha :  |b NK,  |c 1990 
300 |a 182 s 
650 7 |a Praha  |2 stusub 
996 |b 284AU02758  |c A*2118 U  |l AAKNAR  |s A  |a 24  |w stu11321_0001